Państwa amerykańskie o najkrótszej nazwie - Statystyki

Ogólne statystyki
  • Ten quiz został rozwiązany 78 razy
    39 od ostatniego zresetowania
  • Średni wynik to 9 z 10
Statystyki odpowiedzi
Państwa % Poprawnych
Kuba
97%
Haiti
94%
Kanada
92%
Meksyk
92%
Belize
89%
Panama
89%
Peru
89%
Chile
78%
Bahamy
75%
Gujana
61%
Nie znaleziono quizów pasujących do podanych kryteriów
Rozkład punktacji
Procent ludzi z każdym wynikiem
Percentyl według liczby udzielonych odpowiedzi
Twoja historia wyników
Nie rozwiązałeś tego quizu od ostatniego zresetowania